Địa lí tự nhiên đại cương 1 : Giáo trình Cao đẳng Sư phạm

Giáo trình Địa lí tự nhiên đại cương quyển 1 được biên soạn làm tài liệu giảng dạy và học tập ở các trường Cao đẳng Sư phạm. Tuy nhiên, với những biên soạn chủ yếu về Trái đất và Thạch quyển, giáo trình này cỏ thể làm tài liệu tham kh...

Full beskrivning

Sparad:
Bibliografiska uppgifter
Huvudupphovsman: Nguyễn, Trọng Hiếu
Materialtyp: Bok
Språk:Undetermined
Publicerad: Hà Nội Đại học Sư phạm Hà Nội 2006
Ämnen:
Taggar: Lägg till en tagg
Inga taggar, Lägg till första taggen!
Thư viện lưu trữ: Trung tâm Học liệu Trường Đại học Cần Thơ
LEADER 01112nam a2200217Ia 4500
001 CTU_124504
008 210402s9999 xx 000 0 und d
020 |c 51000 
082 |a 910.01 
082 |b H309/Q.1 
100 |a Nguyễn, Trọng Hiếu 
245 0 |a Địa lí tự nhiên đại cương 1 : 
245 0 |b Giáo trình Cao đẳng Sư phạm 
245 0 |c Nguyễn Trọng Hiếu (chủ biên), Phùng Ngọc Đĩnh 
260 |a Hà Nội 
260 |b Đại học Sư phạm Hà Nội 
260 |c 2006 
520 |a Giáo trình Địa lí tự nhiên đại cương quyển 1 được biên soạn làm tài liệu giảng dạy và học tập ở các trường Cao đẳng Sư phạm. Tuy nhiên, với những biên soạn chủ yếu về Trái đất và Thạch quyển, giáo trình này cỏ thể làm tài liệu tham khảo cho sinh viên các trường Đại học sư phạm. 
650 |a Geography 
904 |i Hiếu 
980 |a Trung tâm Học liệu Trường Đại học Cần Thơ